<?xml version="1.0" encoding="UTF-8"?>
<record
    xmlns:xsi="http://www.w3.org/2001/XMLSchema-instance"
    xsi:schemaLocation="http://www.loc.gov/MARC21/slim http://www.loc.gov/standards/marcxml/schema/MARC21slim.xsd"
    xmlns="http://www.loc.gov/MARC21/slim">

  <leader>00710nam a2200181Ia 4500</leader>
  <controlfield tag="008">100921s9999    xx            000 0 und d</controlfield>
  <datafield tag="082" ind1=" " ind2=" ">
    <subfield code="b">23268</subfield>
    <subfield code="a">891.462 &#x925; 89</subfield>
  </datafield>
  <datafield tag="100" ind1=" " ind2=" ">
    <subfield code="a">&#x935;&#x93E;&#x921;&#x915;&#x930; &#x91C;&#x94D;&#x91E;&#x93E;&#x928;&#x947;&#x936;.</subfield>
  </datafield>
  <datafield tag="245" ind1=" " ind2=" ">
    <subfield code="a">&#x926;&#x941;&#x930;&#x94D;&#x926;&#x947;&#x935;&#x93E; &#x939;&#x940; &#x924;&#x941;&#x91D;&#x940; &#x915;&#x939;&#x93E;&#x923;&#x940;.</subfield>
  </datafield>
  <datafield tag="260" ind1=" " ind2=" ">
    <subfield code="b">&#x905;&#x92E;&#x93F;&#x924; &#x92A;&#x94D;&#x930;&#x915;&#x93E;&#x936;&#x928;, &#x917;&#x94B;&#x935;&#x93E;.</subfield>
    <subfield code="c">1989</subfield>
  </datafield>
  <datafield tag="300" ind1=" " ind2=" ">
    <subfield code="a">70</subfield>
    <subfield code="b">&#x905;&#x92E;&#x93F;&#x924; &#x92A;&#x94D;&#x930;&#x915;&#x93E;&#x936;&#x928;, &#x917;&#x94B;&#x935;&#x93E;</subfield>
  </datafield>
  <datafield tag="365" ind1=" " ind2=" ">
    <subfield code="b">15</subfield>
  </datafield>
  <datafield tag="520" ind1=" " ind2=" ">
    <subfield code="a">&#x932;&#x932;&#x93F;&#x924;-&#x928;&#x93E;&#x91F;&#x915;&#x947;.</subfield>
  </datafield>
  <datafield tag="630" ind1=" " ind2=" ">
    <subfield code="a">&#x926;&#x941;&#x930;&#x94D;&#x926;&#x947;&#x935;&#x93E; &#x939;&#x940; &#x924;&#x941;&#x91D;&#x940; &#x915;&#x939;&#x93E;&#x923;&#x940;.</subfield>
  </datafield>
  <datafield tag="650" ind1=" " ind2=" ">
    <subfield code="a">&#x932;&#x932;&#x93F;&#x924;-&#x928;&#x93E;&#x91F;&#x915;&#x947;.</subfield>
  </datafield>
  <datafield tag="730" ind1=" " ind2=" ">
    <subfield code="a">&#x926;&#x941;&#x930;&#x94D;&#x926;&#x947;&#x935;&#x93E; &#x939;&#x940; &#x924;&#x941;&#x91D;&#x940; &#x915;&#x939;&#x93E;&#x923;&#x940;.</subfield>
  </datafield>
  <datafield tag="942" ind1=" " ind2=" ">
    <subfield code="c">BOOK</subfield>
  </datafield>
  <datafield tag="999" ind1=" " ind2=" ">
    <subfield code="c">772381</subfield>
    <subfield code="d">772378</subfield>
  </datafield>
  <datafield tag="952" ind1=" " ind2=" ">
    <subfield code="0">0</subfield>
    <subfield code="1">0</subfield>
    <subfield code="4">0</subfield>
    <subfield code="7">0</subfield>
    <subfield code="a">WAITILAKGS</subfield>
    <subfield code="b">WAITILAKGS</subfield>
    <subfield code="c">891.462 &#x925; 89</subfield>
    <subfield code="d">0000-00-00</subfield>
    <subfield code="g">15.00</subfield>
    <subfield code="l">0</subfield>
    <subfield code="p">WAITILAKGS-23268</subfield>
    <subfield code="r">2010-09-21 00:00:00</subfield>
    <subfield code="w">2010-09-21</subfield>
    <subfield code="y">BOOK</subfield>
    <subfield code="z">&#x926;&#x947;&#x935;&#x918;&#x947;&#x935;</subfield>
  </datafield>
</record>
